| 000 | 00651nam a22002177a 4500 | ||
|---|---|---|---|
| 003 | OSt | ||
| 008 | 250227b |||||||| |||| 00| 0 eng d | ||
| 041 | _aeng | ||
| 100 |
_aSrikanth N etal _97273 |
||
| 245 | _aSoil Survey and Land Use of Village Islam Nagar District Bhopal Madhyapradesh | ||
| 260 |
_aBhopal: _bCentral Institute of Agricultural Engineering, _c1983. |
||
| 700 |
_aDeshmukesh _97274 |
||
| 700 |
_aRaj Kumar _97275 |
||
| 700 |
_aDhanake, SK _97276 |
||
| 700 |
_aGaikaward, MS _97277 |
||
| 700 |
_aVaidya GS _97278 |
||
| 700 |
_aGajbhiya, KS _97279 |
||
| 700 |
_aRoy Chaudhari, C _97280 |
||
| 700 |
_aHirekerur, LR _97281 |
||
| 942 | _cBK | ||
| 999 |
_c19459 _d19459 |
||